[Event "FRA-ch Blitz Online Qual"]
[Site "Europe Echecs INT"]
[Date "2020.05.16"]
[Round "4"]
[White "Cherfils, Richard"]
[Black "Trimbitasu, Elyas"]
[Result "1-0"]
[WhiteElo "1356"]
[BlackElo "1175"]
[PlyCount "89"]
[EventDate "2020.05.16"]
[EventType "swiss (blitz)"]
[EventRounds "15"]
[EventCountry "FRA"]
[SourceTitle "CBM 196 Extra"]
[Source "ChessBase"]
[SourceDate "2020.07.31"]
[SourceVersion "1"]
[SourceVersionDate "2020.07.31"]
[SourceQuality "1"]

1. e4 e5 2. Nf3 Nc6 3. Bc4 Nf6 4. Ng5 Bc5 5. Bxf7+ Kf8 6. Bd5 Nxd5 7. exd5 Qxg5 8. 0-0 Nd4 9. d3 Qf6 10. Nc3 d6 11. Ne4 Qg6 12. c3 Nb5 13. Qf3+ Qf5 14. Qe2 Bd7 15. c4 Nd4 16. Qd2 Qg6 17. Kh1 h5 18. b4 Bxb4 19. Qxb4 Nc2 20. Qxb7 Nxa1 21. Qxa8+ Qe8 22. Qxa7 Nc2 23. Qxc7 Qe7 24. Nxd6 Nd4 25. Nc8 Qf6 26. Qxd7 Ne2 27. Qd6+ Qxd6 28. Nxd6 Ke7 29. Nf5+ Kf6 30. Ne3 g5 31. Bb2 g4 32. c5 Kg5 33. d6 h4 34. c6 g3 35. fxg3 hxg3 36. h3 Kg6 37. d7 Nf4 38. c7 Nxh3 39. gxh3 Rh7 40. d8Q Rxh3+ 41. Kg2 Rh2+ 42. Kxg3 Rxb2 43. Qd6+ Kh5 44. c8Q Re2 45. Qg4# 1-0